| 000 | 00404pab a2200145 454500 | ||
|---|---|---|---|
| 008 | 180718b2002 xxu||||| |||| 00| 0 eng d | ||
| 100 | _aParikh, Alka | ||
| 245 | _aSkimming through the socio-economic losses from an earthquake: a case study from Kachchh | ||
| 260 | _c2002 | ||
| 300 | _ap.223-35. | ||
| 362 | _aApr | ||
| 650 | _aEarthquakes | ||
| 773 | _aIndian Journal of Social Work | ||
| 909 | _a59321 | ||
| 999 |
_c59321 _d59321 |
||